|
|
|
|
| LEADER |
00000nab a2200000 a 4500 |
| 001 |
vtls011729813 |
| 003 |
SK-MaSNL |
| 005 |
20260303115535.0 |
| 008 |
230127|1992 xo |||||||||||||||||eng |
| 015 |
|
|
|a SNBRB
|
| 035 |
|
|
|a (urnnbn)urn:nbn:sk:snk:ar-a05sb2
|
| 035 |
|
|
|a urn:nbn:sk:snk-abf7su
|
| 035 |
|
|
|a (uuid)f74221d0-e48e-4cf2-9666-48f9c946c5ec
|
| 040 |
|
|
|a SNKBUCL
|b slo
|c SNKBUCL
|e AACR2
|
| 041 |
0 |
|
|a eng
|
| 044 |
|
|
|a xo
|c SK
|
| 100 |
1 |
|
|a Naggar, H.
|4 aut
|9 1131238
|
| 245 |
1 |
0 |
|a Comparison of Exercise testing with Arabulatory ECG Monitoring in the Detection of Silent Mycardial Ischemia in Chronic Stable Angina
|c H. Naggar, A. B. Gulijew, B. A. Sidorenko
|
| 700 |
1 |
|
|a Gulijew, A. B.
|4 aut
|9 1131239
|
| 700 |
1 |
|
|a Sidorenko, B. A.
|4 aut
|9 1131240
|
| 773 |
0 |
|
|t Neinvazívna kardiológia : odborný kardiologický časopis
|g Roč. 1, č. 1 (1992), s. 262-266
|
| 954 |
|
|
|a odborná, vedecká literatúra pôvodná (slovenská)
|2 lita
|
| 954 |
|
|
|a odborná, vedecká literatúra cudzojazyčná (svetová)
|2 lita
|
| 958 |
|
|
|a OND
|
| 958 |
|
|
|a EUIPO
|
| 958 |
|
|
|a article24
|
| 999 |
|
|
|c 1904366
|d 1906296
|